Datum a čas kvízu
38.5
Celkem bodů
Celkový počet nahraných bodů na tomto kvízu bez doplňovacích otázek.
2.
Pořadí na kvízu
Konečné umístění týmu na tomto kvízu.
Zaznamenané odpovědi
| # | Otázka | Odpověď | Body | Výsledky |
|---|---|---|---|---|
| 1. | Vítězkou soutěže krásy Miss Ea... | Natálie Puškinová | 0 | |
| 2. | Zohran Mamdani se minulý týden... | bude starostou New Yorku | 1 | |
| 3. | V pondělí se odehrálo finále r... | Patricie Herlíková; Jan (Honzi) Michálek | 1 | |
| 4. | Která velká čínská firma prodá... | Shein | 1 | |
| 5. | Který český fotbalový klub by... | FC Baník Ostrava | 1 | |
| 6. | První novodobé hry se konaly v... | C | 1 | |
| 7. | U maratonu ještě zůstaneme. Me... | Etiopii, běžel bosky | 0.5 | |
| 8. | V Calgary se v roce 1988 na st... | Eddie Eagle/orel Eddie/The Eagle; skoky na lyžích | 1 | |
| 9. | Nyní se přeneseme na olympijsk... | Kateřina Kůrková, Matthew Emmons | 0.5 | |
| 10. | Na závěr postupně uslyšíte tři... | 3, 2, 1 | 0 |